| 000 | 01494nam a2200241Ia 4500 | ||
|---|---|---|---|
| 003 | Ost | ||
| 005 | 20260507075256.0 | ||
| 008 | 260507s9999||||xx |||||||||||||| ||und|| | ||
| 020 | _a6498059961 | ||
| 040 | _cfsecg | ||
| 041 | _aara | ||
| 082 | _a330 | ||
| 100 |
_aبعلي، محمد الصغير _eمؤلف |
||
| 245 | 0 |
_aالمالية العامة : _bالنفقات العامة ، الايرادات العامة ، الميزانية العامة، ملحق قوانين المالية العامة / _c محمد الصغير بعلي |
|
| 260 |
_aالجزائر: _bالعلوم, _c2003 |
||
| 300 |
_a160 صفحة؛ _c24 سم |
||
| 520 | _aحجم النفقات العامة و أقسامها و الآثار الاقتصادية للنفقات العامة على الانتاج ، التوزيع ، الاستهلاك و على الاسعار و الاسباب الظاهرية و الحقيقية للنفقات العامة ثم الانتقال الى درااسة الايرادات العامة بالتطرق الى الاملاك الوطنية (الدومين ) ، الضرائب و القرض العام و اخيرا دراسة الميزانية العامة بتناول ماهية الميزانية العامة ، تحضيرها ، تنفيذها و مراقبتها. | ||
| 653 | _aالمالية | ||
| 653 | _aالمالية العامة | ||
| 653 | _aالميزانية | ||
| 700 |
_aأبو العلا، يسرى _eمؤلف ثانوي |
||
| 942 | _cكتاب | ||
| 999 |
_c43749 _d43749 |
||